Systém odmeňovania zamestnancov v subjekte pôsobiacom v odvetví kreatívneho a kultúrneho priemyslu bakalárska práca

Salvato in:
Dettagli Bibliografici
Autore principale: Fabo, Peter
Ente Autore: Fakulta podnikového manažmentu EU. Katedra podnikovohospodárska
Altri autori: Kmety Barteková, Mária, 1992-
Natura: Libro
Lingua:slovacco
Pubblicazione: Bratislava 2022
Tags: Aggiungi Tag
Nessun Tag, puoi essere il primo ad aggiungerne!!

MARC

LEADER 00000nbm a2200000 4500
001 0285511
005 20230309083923.2
041 0 |a slo 
044 |a SK 
245 1 0 |a Systém odmeňovania zamestnancov v subjekte pôsobiacom v odvetví kreatívneho a kultúrneho priemyslu  |b bakalárska práca  |c Peter Fabo ; školiteľ: Mária Kmety Barteková 
264 1 |a Bratislava  |c 2022 
300 |a 46 s. 
100 1 |a Fabo, Peter 
700 1 |a Kmety Barteková, Mária, 1992- 
710 2 |a Fakulta podnikového manažmentu EU. Katedra podnikovohospodárska